Statistics for 13 Colonies Trivia

Click here to take the quiz!

General Stats

  • This quiz has been taken 20 times
  • The average score is 6 of 15

Answer Stats

HintAnswer% Correct
Country of originEngland
94%
Who drew the line between the free and slave states (2)Charles Mason and Jeremiah Dixon
71%
First Permanent English settlementJamestown
65%
New York was known asNew Amsterdam
65%
Year of the above1607
59%
The Pamlico River was located in this colonyNorth Carolina
59%
Founder of the southernmost American ColonyJames Oglethorpe
29%
Founder of ConnecticutThomas Hooker
29%
This current state was disputed territoryVermont
29%
The Delaware River was located in theMiddle Colonies
24%
BreadbasketMiddle Colonies
24%
Year that John Mason founded New Hampshire1623
18%
Line issued by King George lll along the Appalachian mountainsProclamation of 1763
18%
Battle fought in the Ohio Valley in 1754Battle of Fort Duquesne
6%
Who died at the Battle of Bunker’s hillJoseph Warren
6%

Score Distribution

Percentile by Number Answered

Percent of People with Each Score

Your Score History

You have not taken this quiz